00818 2200193 4500001002100000005001700021008004100038035002400079040001200103082001100115090002000126100001600146245021600162260012500378300004100503504002800544650003400572990001800606YOGYA-0113000000134020130122103244.0 ind  0010-011300000001340 aYOPDYOG a307.72 aSK 307.72 Sri P aSRI WIDYATI apersepsi masyarakat terhadap peran fasilitator Desa dalam Program Pengembangan Kecamatan (PPK) (studi kasus di Desa Banjararum, kecamatan Kalibawang Kabupaten Kulon Progo Tahun 2002-2003/disusun oleh Sri Widyati ayogyakarta :bJurusan Ilmu Pemerintahan Fakultas Ilmu Sosial dan Ilmu Politik Universitas Muhammadiyah yogyakarta,c2004 aXVI,131(10)lbr:bilus; lamp.;c29 cm aBibliografi:lbr.132-133 amasyarakat desa, pengembangan a43238-PD/A-12